4. Intermediate; Key. Enterprise

Bibliographic Details
Parent link:Key. Enterprise: Test booklet/ V. Evans, J. Dooley. 4. Intermediate.— , 2000-
Language:English
Published: 2000
Subjects:
Format: Book
KOHA link:https://koha.lib.tpu.ru/cgi-bin/koha/opac-detail.pl?biblionumber=68945

MARC

LEADER 00000nam2a2200000 4500
001 68945
005 20231031075253.0
010 |a 184216869X 
035 |a (RuTPU)RU\TPU\book\73414 
090 |a 68945 
100 |a 20041013d2000 m y0engy50 ba 
101 0 |a eng 
102 |a GB 
105 |a y j 000zy 
200 0 |a 4. Intermediate 
210 |d 2000 
215 |a 7 p. 
461 1 |0 (RuTPU)RU\TPU\book\76576  |t Key. Enterprise  |o Test booklet  |f V. Evans, J. Dooley  |v 4. Intermediate  |d 2000- 
610 1 |a английский язык 
610 1 |a лексика 
610 1 |a тесты 
610 1 |a разговорная речь 
610 1 |a грамматика 
610 1 |a учебные пособия 
686 |a Ш143.21-923  |v LBC/SL-A  |2 rubbk 
801 1 |a RU  |b 63413507  |c 20041013  |g PSBO 
801 2 |a RU  |b 63413507  |c 20110616  |g PSBO 
942 |c BK